|
|
|
|
| LEADER |
00000nam0a2200000 4500 |
| 001 |
312711 |
| 005 |
20231102002518.0 |
| 010 |
|
|
|a 9785763832549
|
| 035 |
|
|
|a (RuTPU)RU\TPU\book\338081
|
| 090 |
|
|
|a 312711
|
| 100 |
|
|
|a 20151225d2015 k y0rusy50 ca
|
| 101 |
0 |
|
|a rus
|
| 102 |
|
|
|a RU
|
| 105 |
|
|
|a y z 001zy
|
| 200 |
1 |
|
|a Основания экономики
|e монография
|f В. А. Мельников
|g Сибирский федеральный университет (СФУ)
|
| 210 |
|
|
|a Красноярск
|c Изд-во СФУ
|d 2015
|
| 215 |
|
|
|a 194 с.
|
| 320 |
|
|
|a Библиогр.: с. 130-133.
|
| 320 |
|
|
|a Указ. имен: с. 134-135.
|
| 330 |
|
|
|a В монографии рассматривается переход от качественных экономических описаний экономических событий на количественный, структурный уровень, на котором экономика в действительности и реально функционирует. Предназначена для научных работников, аспирантов, студентов старших курсов экономических факультетов и всех интересующихся проблемами экономики.
|
| 606 |
1 |
|
|a Экономическая теория
|2 stltpush
|3 (RuTPU)RU\TPU\subj\26589
|9 50481
|
| 610 |
1 |
|
|a экономика
|
| 610 |
1 |
|
|a аксиоматизация
|
| 610 |
1 |
|
|a машины Тьюринга
|
| 610 |
1 |
|
|a управление
|
| 610 |
1 |
|
|a экономические системы
|
| 610 |
1 |
|
|a управляемые параметры
|
| 610 |
1 |
|
|a кванты
|
| 610 |
1 |
|
|a экономические законы
|
| 610 |
1 |
|
|a экономическое взаимодействие
|
| 610 |
1 |
|
|a экономическая информация
|
| 610 |
1 |
|
|a вычисления
|
| 610 |
1 |
|
|a экономические блага
|
| 610 |
1 |
|
|a стоимость
|
| 610 |
1 |
|
|a историческое развитие
|
| 610 |
1 |
|
|a причинность
|
| 610 |
1 |
|
|a монографии
|
| 686 |
|
|
|a У011
|v LBC/SL-A
|2 rubbk
|
| 700 |
|
1 |
|a Мельников
|b В. А.
|g Виктор Алексеевич
|
| 712 |
0 |
2 |
|a Сибирский федеральный университет (СФУ)
|c (Красноярск)
|2 stltpush
|3 (RuTPU)RU\TPU\col\11098
|
| 801 |
|
1 |
|a RU
|b 63413507
|c 20151225
|
| 801 |
|
2 |
|a RU
|b 63413507
|c 20220823
|g RCR
|
| 900 |
|
|
|a Экономика
|
| 942 |
|
|
|c BK
|